000 00779nam a22001817a 4500
999 _c372238
_d372238
008 201127b ||||| |||| 00| 0 eng d
040 _aDE-2950
_bger
_cDE-2950
_erda
041 _ager
245 _aWoGe Süd investiert in ihre Plattenbauten.
_bImmobilien. Das Unternehmen hat in den vergangenen Jahren einiges verbessert. Der Einbau von Fahrstühlen und die Erneuerung der Sanitäranlagen gehören dazu /
_cPhilipp Stepputtis
264 _c2023
653 _aFrankfurt (Oder)
653 _aWohnungsgenossenschaft Süd
773 _dFrankfurt (Oder) Märkisches Verlags- und Druckhaus GmbH & Co KG
_tMärkische Oderzeitung
_g34. Jahrgang (2023) Nr. 41 vom 18./19.02.2023, S.15: mit Foto
942 _cA